Derrida para principiantes /

Guardado en:
Autor Principal: Powell, Jim
Otros Autores: Howell, Van, il.
Formato: Libro
Publicado: Buenos Aires : Era Naciente, 1997
Series:Documentales ilustrados
Materias:
Etiquetas: Agregar Etiqueta
Sin Etiquetas, Sea el primero en etiquetar este registro!
LEADER 00595nam a22002055a 4500
001 CEM.cems012905
005 20080611115543.0
008 130507s1997##################000#0#####d
003 CEMS
020 |a 9879065395 
082 0 4 |a 401 
100 1 |a Powell, Jim 
245 1 0 |a Derrida para principiantes /  |c Jim Powell ; ilustraciones de Van Howell 
260 |a Buenos Aires :  |b Era Naciente,  |c 1997 
300 |a 190 p. 
490 0 |a Documentales ilustrados 
653 |a Derrida, jacques 
653 |a Filosofía 
700 1 |a Howell, Van, il. 
859 |a CEMS  |b BIB. CEMS - 11 de abril  |h 401  |i P871  |p 25197.08  |t Ej.1